000 00473cam a2200193ua 4500
001 3578
008 111121n ii |||gr||||Z||||||asm
040 _cMAIN
082 _a891.4563
100 _aRai, Prativa,
_eAuthor.
245 1 1 _aJagyasani
_cby Prativa Rai
250 _a1st.
260 _aGuwahati:
_bBani Prakash pvt. ltd.,996.
300 _a369p:
_c23cm.
653 _aAssamese
653 _aJagyasani
700 _aKalita, Bijan rani,
_eTranslator.,
942 _cBK
999 _c3419
_d3419